• 首页
  • 本馆介绍
  • 公告通知
  • 最新文献
  • 馆藏检索
  • 电子资源
  • 读者导购
  • 参考咨询
  • 我的图书馆
  • 登录
  • 详细信息显示
  • 放入我的书架
  • 预约/预借图书
  • 作者相关作品
  • 分类相关作品
  • 丛书相关作品
  • 出版社相关作品

书目信息

  • 表格格式
  • 工作单格式
  • 卡片格式
书名: Typology and universals =
作者: William Croft著 ; 沈家煊导读.
分册号:
分册名:
出版地: 北京 :
 
出版社: 外语教学与研究出版社
出版时间: 2000.
页数: 29, 319 p. ;
开本: 23 cm.
丛书名: 当代国外语言学与应用语言学文库
中图分类号:
科图分类号:
其他分类号: H003
主题词:
电子资源:
000 02079cam a2200817 a 4500
001 E0733669805
003 CAL
005 20070819092300.54
008 890703r20001990cc b 001 0 eng d
020    @a7560019439 :@cCNY28.90.
040    @aECNU@cECN@dDUTL@dWUL
050  4 @aP204@b.C7
082 04 @a415@220
090    @aH003
093    @aH003@24
094    @a41.1036@23
099    @dH003@ex153
100 1  @aCroft, William.
245 10 @aTypology and universals = :@b语言类型学与普遍语法特征 / @cWilliam Croft著 ; 沈家煊导读.
246 31 @a语言类型学与普遍语法特征
260    @a北京 :@b外语教学与研究出版社,@c2000.
300    @a29, 319 p. ;@c23 cm.
440  0 @a当代国外语言学与应用语言学文库
504    @aIncludes bibliographical references (p. 278-292) and indexes.
534    @aReprint. Originally published:@cCambridge : Cambridge University Press, 1990.
650  0 @aTypology (Linguistics)
650  0 @aUniversals (Linguistics)
920    @a244050@z2
920    @a231220@z2
920    @a242020@z2
920    @a231010@z1
920    @a211020@z1
920    @a244020@z1
920    @a235010@z1
920    @a243160@z2
920    @a211030@z2
920    @a211010@z1
920    @a232010@z1
920    @a214010@z2
920    @a212010@z2
920    @a211410@z1
920    @a237010@z2
920    @a231280@z2
920    @a211050@z2
920    @a211060@z1
920    @a237385@z2
920    @a211260@z1
920    @a215010@z1
920    @a243040@z1
920    @a211162@z1
920    @a246060@z0
920    @a246010@z1
920    @a251430@z2
920    @a222220@z1
920    @a244010@z1
920    @a236010@z2
920    @a241061@z1
920    @a223140@z1
920    @a222020@z2
920    @a221060@z1
920    @a211270@z1
920    @a211340@z1
920    @a221020@z1
920    @a246040@z1
920    @a237020@z1
920    @a242010@z1
920    @a261020@z1
920    @a211070@z1
920    @a242250@z1
920    @a242120@z2
998    @aECN
    
    Typology and universals = : : 语言类型学与普遍语法特征 / / William Croft著 ; 沈家煊导读.-北京 : : 外语教学与研究出版社, , 2000.
    29, 319 p. ; ; 23 cm.- (当代国外语言学与应用语言学文库)
    Includes bibliographical references (p. 278-292) and indexes.-Reprint. Originally published:
    
    ISBN 7560019439 :CNY28.90.
    
●
相关链接 在E读中查询图书 在五车中查询图书 在当当中查询图书 在豆瓣中查询图书


正题名:Typology and universals =     索取号:H003/x153         预约/预借

序号 登录号 条形码 馆藏地/架位号 状态 备注
1 0016848   300168486   第二样本阅览室/ [索取号:H003/x153] 在馆    
2 0016849   300168495   第四借阅区/ [索取号:H003/x153] 在馆    
3 0016850   300168501   第四借阅区/ [索取号:H003/x153] 在馆    
4 0016851   300168510   第四借阅区/ [索取号:H003/x153] 在馆    
5 0016852   300168529   第四借阅区/ [索取号:H003/x153] 在馆    
唐山师范学院图书馆 欢迎您!
大连网信软件有限公司© 版权所有